[Event "London Invitation"]
[Site "London"]
[Date "1973.09.07"]
[Round "1"]
[White "Waters, Peter John"]
[Black "Keene, Raymond"]
[Result "0-1"]
[WhiteElo "2265"]
[BlackElo "2465"]
[PlyCount "34"]
[EventDate "1973.09.07"]
[EventType "swiss"]
[EventRounds "5"]
[EventCountry "ENG"]
[Source "John Saunders"]
[SourceDate "2015.07.14"]

1. e4 g6 2. d4 d6 3. c4 Bg7 4. Nc3 Nf6 5. Be2 O-O 6. Bg5 h6 7. Be3 e5 8. d5
Nbd7 9. Bf3 a5 10. Qd2 h5 11. Bg5 Nc5 12. Nge2 Qe8 13. Ng3 Nh7 14. Nb5 Nxg5 15.
Qxg5 Nd3+ 16. Kf1 Nf4 17. Bxh5 Qd7 0-1

[Event "London Invitation"]
[Site "London"]
[Date "1973.09.07"]
[Round "1"]
[White "Miles, Anthony J"]
[Black "Wright, Daniel"]
[Result "1-0"]
[WhiteElo "2440"]
[BlackElo "2320"]
[PlyCount "111"]
[EventDate "1973.09.07"]
[EventType "swiss"]
[EventRounds "5"]
[EventCountry "ENG"]
[Source "John Saunders"]
[SourceDate "2015.07.14"]

1. e4 e5 2. Nf3 Nc6 3. Bb5 a6 4. Bxc6 dxc6 5. O-O f6 6. d4 Bg4 7. c3 Bd6 8. h3
Bh5 9. Be3 Ne7 10. Nbd2 Qd7 11. dxe5 fxe5 12. Nxe5 Qxh3 13. gxh3 Bxd1 14. Nec4
Be2 15. e5 Bxf1 16. Rxf1 Nf5 17. exd6 cxd6 18. Bf4 O-O 19. Nxd6 Nxd6 20. Bxd6
Rf6 21. Be5 Rg6+ 22. Kh2 Rd8 23. Ne4 Rd5 24. f4 Kf8 25. f5 Rh6 26. Bd4 Rh4 27.
Ng5 h6 28. Ne6+ Kf7 29. Kg3 Re4 30. Nc5 Re2 31. Nd3 Rd2 32. Ne5+ Kg8 33. f6
gxf6 34. Ng4 Kf7 35. Nxf6 Rg5+ 36. Kh4 Kg6 37. Ne4 Rh5+ 38. Kg3 Rd3+ 39. Kg2
Rhxh3 40. Rf6+ Kh5 41. Rf7 Rh4 42. Nf2 Rd2 43. Rxb7 Re4 44. Kf3 Re6 45. Ne4 Rd1
46. Rf7 Rf1+ 47. Nf2 Kg6 48. Rg7+ Kf5 49. Ra7 h5 50. Rxa6 h4 51. Ra5+ Kg6 52.
Kg4 Re2 53. b4 Rfxf2 54. Bxf2 Rxf2 55. Ra6 Rg2+ 56. Kxh4 1-0

[Event "London Invitation"]
[Site "London"]
[Date "1973.09.07"]
[Round "1"]
[White "Povah, Nigel E"]
[Black "Horner, Jeff"]
[Result "0-1"]
[WhiteElo "2255"]
[BlackElo "2400"]
[PlyCount "72"]
[EventDate "1973.09.07"]
[EventType "swiss"]
[EventRounds "5"]
[EventCountry "ENG"]
[Source "John Saunders"]
[SourceDate "2015.07.14"]

1. e4 e5 2. Nf3 Nc6 3. d4 exd4 4. c3 d5 5. exd5 Qxd5 6. cxd4 Bg4 7. Be2 O-O-O
8. Be3 Nf6 9. Nc3 Qd7 10. Qb3 Be6 11. Qa4 Nd5 12. Nxd5 Bxd5 13. O-O Kb8 14.
Rfd1 Bd6 15. Qc2 f6 16. a3 g5 17. b4 h5 18. b5 Ne7 19. a4 h4 20. a5 g4 21. Ne1
g3 22. Bf3 Rdg8 23. fxg3 h3 24. b6 cxb6 25. axb6 a6 26. Ra5 hxg2 27. Bxd5 Bxg3
28. hxg3 Rh1+ 29. Kxg2 Qh3+ 30. Kf3 Rxg3+ 31. Ke2 Rxe3+ 32. Kd2 Nxd5 33. Rxd5
Re2+ 34. Kc1 Rxc2+ 35. Kxc2 Rh2+ 36. Rd2 Qc8+ 0-1

[Event "London Invitation"]
[Site "London"]
[Date "1973.09.07"]
[Round "1"]
[White "Strauss, David J"]
[Black "Clarke, Peter H"]
[Result "1/2-1/2"]
[WhiteElo "2400"]
[BlackElo "2305"]
[PlyCount "55"]
[EventDate "1973.09.07"]
[EventType "swiss"]
[EventRounds "5"]
[EventCountry "ENG"]
[Source "John Saunders"]
[SourceDate "2015.07.14"]

1. e4 e6 2. d4 d5 3. Nc3 Bb4 4. Nge2 dxe4 5. a3 Be7 6. Nxe4 Nf6 7. N2g3 O-O 8.
Bc4 Nbd7 9. O-O Nxe4 10. Nxe4 Nf6 11. Qd3 a6 12. a4 Bd7 13. Bf4 Nxe4 14. Qxe4
Bc6 15. Qe3 Bf6 16. Rfd1 a5 17. Bb3 Re8 18. Rd3 b6 19. Rad1 Bb7 20. Qg3 Rc8 21.
h3 Qe7 22. c3 Red8 23. Qg4 g6 24. Be5 Bxe5 25. dxe5 Rxd3 26. Rxd3 Rd8 27. Rxd8+
Qxd8 28. Qf4 1/2-1/2

[Event "London Invitation"]
[Site "London"]
[Date "1973.09.07"]
[Round "1"]
[White "Speelman, Jonathan S"]
[Black "Markland, Peter Richard"]
[Result "0-1"]
[WhiteElo "2255"]
[BlackElo "2375"]
[PlyCount "44"]
[EventDate "1973.09.07"]
[EventType "swiss"]
[EventRounds "5"]
[EventCountry "ENG"]
[Source "John Saunders"]
[SourceDate "2015.07.14"]

1. e4 c5 2. Nf3 Nc6 3. d4 cxd4 4. Nxd4 Nf6 5. Nc3 e5 6. Ndb5 d6 7. Nd5 Nxd5 8.
exd5 Ne7 9. c4 Nf5 10. Bd3 Be7 11. O-O a6 12. Nc3 O-O 13. f4 Qb6+ 14. Kh1 Ne3
15. Bxe3 Qxe3 16. Qc2 f5 17. Rae1 Qd4 18. fxe5 dxe5 19. Bxf5 Bxf5 20. Rxf5 Qxc4
21. g3 Rac8 22. Qe4 Qxe4+ 0-1

[Event "London Invitation"]
[Site "London"]
[Date "1973.09.07"]
[Round "1"]
[White "Basman, Michael J"]
[Black "Littlewood, Paul E"]
[Result "1-0"]
[WhiteElo "2370"]
[BlackElo "2240"]
[PlyCount "100"]
[EventDate "1973.09.07"]
[EventType "swiss"]
[EventRounds "5"]
[EventCountry "ENG"]
[Source "John Saunders"]
[SourceDate "2015.07.14"]

1. e4 e5 2. f4 d5 3. exd5 c6 4. Nc3 exf4 5. Nf3 Nf6 6. d4 Bd6 7. dxc6 Nxc6 8.
Be2 O-O 9. O-O Bg4 10. Kh1 Re8 11. Ng1 Bxe2 12. Ncxe2 g5 13. c4 Qd7 14. b3 Ne7
15. d5 Nf5 16. Nf3 h6 17. Ned4 Ne3 18. Bxe3 Rxe3 19. Qc2 Rae8 20. Nf5 Re2 21.
Nxh6+ Kf8 22. Qf5 Qxf5 23. Nxf5 Bc5 24. Nxg5 R8e5 25. Rxf4 Re1+ 26. Rf1 Rxa1
27. Rxa1 Rxf5 28. Nf3 Ne4 29. a3 Nf2+ 30. Kg1 Ng4+ 31. Kh1 Nf2+ 32. Kg1 Ng4+
33. Kh1 Rf4 34. b4 Bd4 35. Rb1 Bc3 36. c5 Ke7 37. Rc1 Bb2 38. Re1+ Kd7 39. h3
Nf2+ 40. Kh2 Nd3 41. Re3 Nc1 42. d6 Bf6 43. g4 Rc4 44. Ne5+ Bxe5+ 45. Rxe5 Rf4
46. Kg3 Rf1 47. Re7+ Kc8 48. b5 Nb3 49. c6 bxc6 50. bxc6 Nd4 1-0

[Event "London Invitation"]
[Site "London"]
[Date "1973.09.07"]
[Round "1"]
[White "Chapman, Terence"]
[Black "Littlewood, John Eric"]
[Result "0-1"]
[WhiteElo "2225"]
[BlackElo "2370"]
[PlyCount "120"]
[EventDate "1973.09.07"]
[EventType "swiss"]
[EventRounds "5"]
[EventCountry "ENG"]
[Source "John Saunders"]
[SourceDate "2015.07.14"]

1. e4 e5 2. Nf3 Nc6 3. Bb5 Nf6 4. O-O Nxe4 5. Qe2 Nd6 6. Bxc6 dxc6 7. Qxe5+ Be7
8. Re1 Nf5 9. d3 O-O 10. Nc3 Bd6 11. Qe2 Nh4 12. Nxh4 Qxh4 13. g3 Qh3 14. Ne4
Bb4 15. Bd2 Bxd2 16. Qxd2 h6 17. Qf4 Be6 18. Re3 Rad8 19. Nc3 Rd6 20. Rae1 b6
21. Qf3 c5 22. Re5 Rfd8 23. b3 Rd4 24. Qg2 Qg4 25. f3 Qg6 26. Ne2 R4d5 27. Nf4
Rxe5 28. Rxe5 Qf6 29. Nxe6 Qxe5 30. Nxd8 Qd4+ 31. Kf1 Qxd8 32. Qe2 Qf6 33. a4
g6 34. Kg2 h5 35. Qe4 Qc3 36. Qe2 Kf8 37. Kf2 a5 38. Ke3 c6 39. Qd2 Qd4+ 40.
Ke2 Qg1 41. Qf4 Qxh2+ 42. Kd1 Qg1+ 43. Kd2 Qf2+ 44. Kc1 Qd4 45. Qb8+ Kg7 46.
Qxb6 Qg1+ 47. Kb2 Qxg3 48. Qxa5 Qe5+ 49. Ka2 h4 50. Qd2 h3 51. a5 c4 52. b4 c5
53. bxc5 c3 54. Qf2 h2 55. Qg2 Qb8 56. Ka3 Qb2+ 57. Ka4 Qa1+ 58. Kb5 h1=Q 59.
Qxh1 Qxh1 60. c6 Qb1+ 0-1

[Event "London Invitation"]
[Site "London"]
[Date "1973.09.07"]
[Round "1"]
[White "Mestel, A Jonathan"]
[Black "Bohm, Hans"]
[Result "1-0"]
[WhiteElo "2370"]
[BlackElo "2280"]
[PlyCount "95"]
[EventDate "1973.09.07"]
[EventType "swiss"]
[EventRounds "5"]
[EventCountry "ENG"]
[Source "John Saunders"]
[SourceDate "2015.07.14"]

1. e4 d6 2. d4 g6 3. f4 c6 4. c3 d5 5. e5 h5 6. Nf3 Nh6 7. Be3 Bg4 8. Be2 e6 9.
O-O Nf5 10. Bf2 Be7 11. Nbd2 b6 12. b4 a5 13. a3 Nd7 14. Bd3 c5 15. bxc5 bxc5
16. h3 Bxf3 17. Nxf3 c4 18. Bxf5 gxf5 19. Qa4 Kf8 20. Rfb1 Qc7 21. Rb2 Kg7 22.
Rab1 Rhb8 23. Bh4 Rxb2 24. Rxb2 Bxh4 25. Nxh4 Nf8 26. Qd1 Kh6 27. g4 Qe7 28.
g5+ Kg7 29. Qxh5 Qxa3 30. Rb7 Qc1+ 31. Kg2 Qd2+ 32. Kg3 Qxc3+ 33. Nf3 Ng6 34.
Rxf7+ Kxf7 35. Qh7+ Kf8 36. Qxg6 Qb4 37. Qf6+ Kg8 38. Qxe6+ Kg7 39. Qd7+ Kf8
40. Qxf5+ Kg8 41. Qg6+ Kh8 42. Qh6+ Kg8 43. g6 Ra7 44. f5 Qf8 45. Qh5 c3 46. f6
c2 47. Ng5 Qa3+ 48. Kh4 1-0

[Event "London Invitation"]
[Site "London"]
[Date "1973.09.07"]
[Round "1"]
[White "Kinlay, Jonathan"]
[Black "Webb, Simon"]
[Result "0-1"]
[WhiteElo "2170"]
[BlackElo "2370"]
[PlyCount "72"]
[EventDate "1973.09.07"]
[EventType "swiss"]
[EventRounds "5"]
[EventCountry "ENG"]
[Source "John Saunders"]
[SourceDate "2015.07.14"]

1. e4 e6 2. d4 d5 3. e5 c5 4. c3 Nc6 5. Nf3 Qb6 6. a3 c4 7. Nbd2 Na5 8. b4 cxb3
9. Bb2 Bd7 10. c4 Ne7 11. c5 Qc7 12. Bd3 Ba4 13. Rc1 b5 14. cxb6 Qxb6 15. O-O
Nec6 16. Qe2 Rb8 17. Rc3 Be7 18. Rfc1 O-O 19. Bb1 Rfc8 20. Qd3 g6 21. Qe3 Qd8
22. h4 Bxh4 23. Nxh4 Qxh4 24. g3 Qd8 25. Kg2 Ne7 26. Rh1 Qf8 27. g4 Qg7 28. Qh3
Nc4 29. Nxc4 dxc4 30. Bc1 Nd5 31. Bh6 Qh8 32. Rf3 c3 33. Be4 Bc6 34. Bg5 c2 35.
Bxd5 Bxd5 36. Bf6 Rc3 0-1

[Event "London Invitation"]
[Site "London"]
[Date "1973.08.07"]
[Round "1"]
[White "Nunn, John DM"]
[Black "Perkins, Alan H"]
[Result "1-0"]
[WhiteElo "2350"]
[BlackElo "2305"]
[PlyCount "95"]
[EventDate "1973.09.07"]
[EventType "swiss"]
[EventRounds "5"]
[EventCountry "ENG"]
[Source "John Saunders"]
[SourceDate "2015.07.14"]

1. e4 c5 2. Nf3 e6 3. d4 cxd4 4. Nxd4 Nf6 5. Nc3 d6 6. g4 h6 7. g5 hxg5 8. Bxg5
Nc6 9. Qd2 Qb6 10. Nb3 Bd7 11. O-O-O a6 12. f4 O-O-O 13. Bg2 Be7 14. h3 Kb8 15.
e5 Bc8 16. Qe2 Nh5 17. Bxe7 Nxe7 18. exd6 Rxd6 19. Qe5 Nf5 20. Nc5 f6 21. Rxd6
Qxd6 22. Qxd6+ Nxd6 23. Rf1 Nf5 24. Nd3 b5 25. Ne2 Ne3 26. Rg1 Nxg2 27. Rxg2
Bb7 28. Rg1 Rc8 29. Kd2 Be4 30. Ke3 Bxd3 31. Kxd3 Rc4 32. b3 Rc6 33. Rg4 f5 34.
Rg5 Nf6 35. Rxg7 Nd5 36. c4 bxc4+ 37. bxc4 Nb4+ 38. Kd4 Nxa2 39. h4 Nb4 40. h5
Nc2+ 41. Kc3 Ne3 42. h6 Nxc4 43. h7 Nd6+ 44. Kd3 Rc8 45. Rg8 Nf7 46. Nd4 Nh8
47. Nxe6 a5 48. Nd8 1-0

[Event "London Invitation"]
[Site "London"]
[Date "1973.09.07"]
[Round "1"]
[White "Johnston, Dafydd R"]
[Black "Botterill, George Steven"]
[Result "0-1"]
[WhiteElo "2160"]
[BlackElo "2345"]
[PlyCount "64"]
[EventDate "1973.09.07"]
[EventType "swiss"]
[EventRounds "5"]
[EventCountry "ENG"]
[Source "John Saunders"]
[SourceDate "2015.07.14"]

1. e4 g6 2. f4 Bg7 3. Nf3 d6 4. Nc3 Nf6 5. d3 O-O 6. g3 e5 7. Bg2 Nc6 8. O-O
exf4 9. Bxf4 h6 10. Kh1 Be6 11. Qd2 Kh7 12. Rae1 Qd7 13. e5 Nh5 14. exd6 Nxf4
15. Qxf4 Qxd6 16. Qxd6 cxd6 17. Ne4 Rfd8 18. Nfd2 Nb4 19. Nf6+ Bxf6 20. Rxf6
Kg7 21. Rf4 Nxc2 22. Re2 d5 23. Nb3 Rac8 24. d4 b6 25. a3 a5 26. Rff2 a4 27.
Rxc2 axb3 28. Rcd2 Rc1+ 29. Rf1 Rdc8 30. Kg1 R8c2 31. Rxc1 Rxd2 32. Rc6 Rxd4
0-1

[Event "London Invitation"]
[Site "London"]
[Date "1973.09.07"]
[Round "1"]
[White "Klein, Ernst Ludwig"]
[Black "Goodman, David SC"]
[Result "1-0"]
[WhiteElo "2335"]
[BlackElo "2120"]
[PlyCount "57"]
[EventDate "1973.09.07"]
[EventType "swiss"]
[EventRounds "5"]
[EventCountry "ENG"]
[Source "John Saunders"]
[SourceDate "2015.07.14"]

1. Nf3 g6 2. c4 Bg7 3. Nc3 c5 4. g3 Nc6 5. Bg2 e6 6. O-O Nge7 7. e3 Nf5 8. Ne4
d6 9. d4 cxd4 10. Nxd4 Ncxd4 11. exd4 Nxd4 12. Bg5 Qb6 13. Nf6+ Kf8 14. Qa4 Nc6
15. Ne4 Be5 16. Rad1 Nd4 17. Rd2 Nf5 18. g4 Nd4 19. Be3 Bg7 20. Qa3 e5 21. Nxd6
Kg8 22. c5 Qc7 23. Bxd4 exd4 24. Bd5 Be5 25. f4 Bxd6 26. cxd6 Qd8 27. f5 Qg5
28. Rg2 Bd7 29. Qb3 1-0

[Event "London Invitation"]
[Site "London"]
[Date "1973.09.07"]
[Round "1"]
[White "Lambert, Glenn EJ"]
[Black "Knox, Victor W"]
[Result "1/2-1/2"]
[WhiteElo "2120"]
[BlackElo "2370"]
[PlyCount "35"]
[EventDate "1973.09.07"]
[EventType "swiss"]
[EventRounds "5"]
[EventCountry "ENG"]
[Source "John Saunders"]
[SourceDate "2015.07.14"]

1. Nf3 d5 2. g3 c5 3. Bg2 Nc6 4. d4 e6 5. O-O Nf6 6. c4 cxd4 7. Nxd4 Qb6 8.
Nxc6 bxc6 9. Qc2 Bd7 10. Be3 Qb7 11. Bd4 Be7 12. Nd2 O-O 13. e4 Be8 14. cxd5
cxd5 15. exd5 Nxd5 16. Qe4 Bc6 17. Nc4 a5 18. a4 1/2-1/2

[Event "London Invitation"]
[Site "London"]
[Date "1973.09.07"]
[Round "1"]
[White "Piasetski, Leon David"]
[Black "Benjamin, Jonathan C"]
[Result "1-0"]
[WhiteElo "2320"]
[BlackElo "1970"]
[PlyCount "89"]
[EventDate "1973.09.07"]
[EventType "swiss"]
[EventRounds "5"]
[EventCountry "ENG"]
[Source "John Saunders"]
[SourceDate "2015.07.14"]

1. b3 d5 2. Bb2 Nf6 3. f4 e6 4. Nf3 c5 5. e3 Be7 6. Bd3 O-O 7. O-O Nc6 8. Ne5
Nxe5 9. fxe5 Nd7 10. Qh5 g6 11. Qh6 Bg5 12. Qh3 Qc7 13. Qg3 Bh6 14. Bb5 Nb6 15.
Be2 Bg7 16. Na3 Bd7 17. Rac1 Nc8 18. c4 Ne7 19. d4 Nf5 20. Rxf5 exf5 21. cxd5
Qa5 22. Rxc5 Qd2 23. Rc2 Qa5 24. Rc5 Qd2 25. Rc2 Qa5 26. Bf3 Rac8 27. Re2 b5
28. h3 b4 29. Qe1 Bh6 30. Nc4 Qxa2 31. Qxb4 Rb8 32. Qe7 Qxb3 33. Qxd7 Qxc4 34.
Kh2 Bxe3 35. e6 f4 36. e7 Rfe8 37. d6 Qe6 38. Qxe6 fxe6 39. Ba3 Kf7 40. d5 e5
41. Rc2 Bb6 42. d7 Rxe7 43. Bxe7 Kxe7 44. Rc8 Bg1+ 45. Kh1 1-0

[Event "London Invitation"]
[Site "London"]
[Date "1973.09.08"]
[Round "2"]
[White "Webb, Simon"]
[Black "Larsen, Bent"]
[Result "0-1"]
[WhiteElo "2370"]
[BlackElo "2620"]
[Annotator "Larsen, Bent"]
[PlyCount "100"]
[EventDate "1973.09.07"]
[EventType "swiss"]
[EventRounds "5"]
[EventCountry "ENG"]
[Source "John Saunders"]
[SourceDate "2015.07.14"]

1. Nf3 f5 2. g3 g6 3. Bg2 Bg7 4. d4 Nf6 5. O-O d6 6. c4 c6 7. Nc3 O-O 8. d5 Bd7
9. Qb3 (9. c5 $5 dxc5 10. Ne5 Kh8 {Larsen} (10... Be8 $2 11. Qb3 Qb6 12. dxc6+
Qxb3 13. cxb7 $1)) 9... Qb6 10. dxc6 Qxb3 11. axb3 Nxc6 12. Rd1 Rfc8 13. h3 Be8
14. Be3 Nd7 15. Ng5 a5 $1 16. Na4 Ra6 17. Bd5+ Kh8 18. Nf7+ Bxf7 19. Bxf7 Rb8
20. Rac1 b6 21. Bd5 Nb4 22. Bg5 Bf6 23. Bxf6+ Nxf6 24. Nc3 Nd7 25. Nb5 Nc5 26.
Rc3 Kg7 27. Bg2 a4 28. bxa4 Rxa4 29. Ra3 Rxa3 30. Nxa3 Rc8 31. Nb5 Nb3 32. Na3
Kf6 33. f4 Na5 34. b3 Na2 35. Rb1 Nc3 36. Rb2 e6 37. Rd2 d5 38. cxd5 exd5 39.
Rc2 d4 40. b4 Nc4 {(adjourned)} 41. Nxc4 Rxc4 42. Bf1 Rxb4 43. e3 Ne4 44. exd4
Nxg3 45. Rc6+ Kg7 46. Rc7+ Kh6 47. Bc4 Nh5 48. d5 b5 49. Bf1 Rd4 50. Rd7 b4 0-1

[Event "London Invitation"]
[Site "London"]
[Date "1973.09.08"]
[Round "2"]
[White "Keene, Raymond"]
[Black "Mestel, A Jonathan"]
[Result "1/2-1/2"]
[WhiteElo "2465"]
[BlackElo "2370"]
[PlyCount "88"]
[EventDate "1973.09.07"]
[EventType "swiss"]
[EventRounds "5"]
[EventCountry "ENG"]
[Source "John Saunders"]
[SourceDate "2015.07.14"]

1. Nf3 c5 2. c3 e6 3. g3 b6 4. Bg2 Bb7 5. O-O Nf6 6. d4 Be7 7. Nbd2 O-O 8. Re1
cxd4 9. cxd4 Nc6 10. e4 Rc8 11. a3 Na5 12. b4 Nc4 13. Nxc4 Rxc4 14. Ne5 Rc7 15.
d5 d6 16. Nc6 Bxc6 17. dxc6 Rxc6 18. e5 Nd5 19. Bxd5 exd5 20. Qxd5 Rc2 21. e6
Rxf2 22. Bf4 Rc2 23. exf7+ Rxf7 24. Rac1 Rxc1 25. Rxc1 Qd7 26. Rd1 h6 27. Bxd6
Bxd6 28. Qxd6 Qxd6 29. Rxd6 Rf3 30. a4 Ra3 31. a5 bxa5 32. b5 Rb3 33. Ra6 Rxb5
34. Rxa7 Kh7 35. Ra6 Kg8 36. Ra7 h5 37. h4 Rb1+ 38. Kf2 Ra1 39. Kf3 a4 40. Kf4
Ra3 41. Ra5 g6 42. Ra7 Kf8 43. Ra8+ Kg7 44. Ra7+ Kh6 1/2-1/2

[Event "London Invitation"]
[Site "London"]
[Date "1973.09.08"]
[Round "2"]
[White "Littlewood, John Eric"]
[Black "Miles, Anthony J"]
[Result "1/2-1/2"]
[WhiteElo "2370"]
[BlackElo "2440"]
[PlyCount "110"]
[EventDate "1973.09.07"]
[EventType "swiss"]
[EventRounds "5"]
[EventCountry "ENG"]
[Source "John Saunders"]
[SourceDate "2015.07.14"]

1. d4 Nf6 2. c4 g6 3. Nc3 d5 4. Nf3 Bg7 5. Bf4 O-O 6. Rc1 c5 7. dxc5 dxc4 8.
Qxd8 Rxd8 9. e4 Nbd7 10. Rd1 Rf8 11. Bxc4 Nxc5 12. e5 Nfd7 13. Nd5 Nb6 14.
Nxe7+ Kh8 15. Bb5 Be6 16. b3 a6 17. Be2 Rfe8 18. Be3 Ncd7 19. Bxb6 Nxb6 20. Rd6
Nd7 21. Nd5 Rac8 22. O-O Nxe5 23. Ne3 Red8 24. Rxd8+ Rxd8 25. Nxe5 Bxe5 26. Bc4
Bxc4 27. Nxc4 Bf6 28. a4 Kg7 29. Rb1 Be7 30. Kf1 b5 31. axb5 axb5 32. Ne3 Rd2
33. Rd1 Rb2 34. Rd3 Bf6 35. Nd1 Rc2 36. Ne3 Rb2 37. Nd1 Rc2 38. Ne3 Rc5 39. Rd5
Rc1+ 40. Rd1 Rxd1+ 41. Nxd1 Be5 42. h3 Kf6 43. Ke2 Ke6 44. Kd3 Kd5 45. Ne3+ Kc5
46. Nc2 f5 47. f3 Bd6 48. Nd4 Be7 49. Nc2 Kd5 50. Nd4 Kc5 51. Nc2 Kd5 52. Nd4
b4 53. Ne2 Bd6 54. Nd4 h5 55. Ne2 h4 1/2-1/2

[Event "London Invitation"]
[Site "London"]
[Date "1973.09.08"]
[Round "2"]
[White "Horner, Jeff"]
[Black "Nunn, John DM"]
[Result "0-1"]
[WhiteElo "2400"]
[BlackElo "2350"]
[PlyCount "60"]
[EventDate "1973.09.07"]
[EventType "swiss"]
[EventRounds "5"]
[EventCountry "ENG"]
[Source "John Saunders"]
[SourceDate "2015.07.14"]

1. e4 g6 2. d4 Bg7 3. Nf3 d6 4. Nc3 c6 5. Be3 b5 6. Bd3 b4 7. Ne2 Bg4 8. Nd2
Nf6 9. h3 Bc8 10. O-O O-O 11. f4 Nbd7 12. f5 c5 13. c3 bxc3 14. bxc3 Bb7 15.
Qe1 Qa5 16. Qh4 Ba6 17. Bxa6 Qxa6 18. Nf4 cxd4 19. cxd4 Rac8 20. Nf3 Rc3 21.
Rae1 Qxa2 22. e5 dxe5 23. dxe5 Nd5 24. fxg6 fxg6 25. Nxg6 hxg6 26. Ng5 Rxf1+
27. Rxf1 Nf8 28. Bd4 Rc2 29. Qg4 Qc4 30. Qe4 Rc1 0-1

[Event "London Invitation"]
[Site "London"]
[Date "1973.09.08"]
[Round "2"]
[White "Markland, Peter Richard"]
[Black "Klein, Ernst Ludwig"]
[Result "1/2-1/2"]
[WhiteElo "2375"]
[BlackElo "2335"]
[PlyCount "100"]
[EventDate "1973.09.07"]
[EventType "swiss"]
[EventRounds "5"]
[EventCountry "ENG"]
[Source "John Saunders"]
[SourceDate "2015.07.14"]

1. e4 e5 2. Nf3 Nc6 3. Bb5 a6 4. Bxc6 dxc6 5. O-O f6 6. d4 Bg4 7. dxe5 Qxd1 8.
Rxd1 Bxf3 9. gxf3 fxe5 10. Be3 Nf6 11. Nd2 Nd7 12. Nc4 Be7 13. Kf1 Rf8 14. Ke2
Rf6 15. Rd3 Re6 16. Rad1 Nf8 17. c3 a5 18. Rg1 Ng6 19. a4 b5 20. Nd2 Rb8 21.
Ra1 bxa4 22. Nc4 a3 23. bxa3 a4 24. Rdd1 Rb5 25. Rdb1 Nf4+ 26. Bxf4 exf4 27.
Nb2 Rh6 28. Nxa4 Rxh2 29. Nb2 Rb3 30. Nd3 Rxc3 31. Rc1 Rxa3 32. Rxa3 Bxa3 33.
Rxc6 Kd7 34. Ra6 Be7 35. Nxf4 Bc5 36. Nd3 Bb6 37. Ra1 Rh5 38. Rg1 g6 39. f4 Ke7
40. Nb4 Bc5 41. Nd5+ Kd6 42. Rd1 Kc6 43. Rc1 Rh2 44. Nxc7 Rxf2+ 45. Ke1 Rh2 46.
Ne6 Rh1+ 47. Kd2 Rxc1 48. Kxc1 Be3+ 49. Kd1 Kd6 50. Ke2 Bc1 1/2-1/2

[Event "London Invitation"]
[Site "London"]
[Date "1973.09.08"]
[Round "2"]
[White "Clarke, Peter H"]
[Black "Piasetski, Leon David"]
[Result "1/2-1/2"]
[WhiteElo "2305"]
[BlackElo "2320"]
[PlyCount "63"]
[EventDate "1973.09.07"]
[EventType "swiss"]
[EventRounds "5"]
[EventCountry "ENG"]
[Source "John Saunders"]
[SourceDate "2015.07.14"]

1. d4 Nf6 2. c4 g6 3. Nc3 Bg7 4. e4 d6 5. f3 O-O 6. Be3 Nc6 7. Nge2 Rb8 8. Qd2
a6 9. Nc1 e5 10. Nb3 exd4 11. Nxd4 Ne5 12. Be2 c6 13. Rd1 Qc7 14. O-O b5 15.
cxb5 axb5 16. b3 Bb7 17. Rc1 Qe7 18. Rfe1 Rfd8 19. Bf1 d5 20. exd5 Nxd5 21.
Nxd5 Rxd5 22. Qf2 Qd7 23. Nc2 Nd3 24. Bxd3 Rxd3 25. Nb4 Rd6 26. Kh1 Ra8 27. Qc2
h5 28. Rcd1 Rd8 29. Rxd6 Qxd6 30. Bc5 Qf4 31. Re4 Qf5 32. h3 1/2-1/2

[Event "London Invitation"]
[Site "London"]
[Date "1973.09.08"]
[Round "2"]
[White "Knox, Victor W"]
[Black "Strauss, David J"]
[Result "1/2-1/2"]
[WhiteElo "2370"]
[BlackElo "2400"]
[PlyCount "63"]
[EventDate "1973.09.07"]
[EventType "swiss"]
[EventRounds "5"]
[EventCountry "ENG"]
[Source "John Saunders"]
[SourceDate "2015.07.14"]

1. e4 c5 2. Nf3 Nc6 3. d4 cxd4 4. Nxd4 Nf6 5. Nc3 e5 6. Ndb5 d6 7. Bg5 a6 8.
Bxf6 gxf6 9. Na3 f5 10. Bd3 d5 11. Nxd5 Bxa3 12. bxa3 Be6 13. O-O O-O 14. Nb4
f4 15. Nxc6 bxc6 16. Qe2 Qg5 17. f3 Qe7 18. Kh1 Qc5 19. Qe1 a5 20. g3 Kh8 21.
gxf4 exf4 22. e5 Qe7 23. Rg1 Bd5 24. Be4 Qxe5 25. Bxd5 Qxe1 26. Raxe1 cxd5 27.
Re5 Rac8 28. Rxd5 Rxc2 29. Rxa5 Rf2 30. a4 Rxf3 31. Rg4 Rf1+ 32. Rg1 1/2-1/2

[Event "London Invitation"]
[Site "London"]
[Date "1973.09.08"]
[Round "2"]
[White "Wright, Daniel"]
[Black "Lambert, Glenn EJ"]
[Result "1-0"]
[WhiteElo "2320"]
[BlackElo "2120"]
[PlyCount "67"]
[EventDate "1973.09.07"]
[EventType "swiss"]
[EventRounds "5"]
[EventCountry "ENG"]
[Source "John Saunders"]
[SourceDate "2015.07.14"]

1. e4 d6 2. d4 Nf6 3. f3 c5 4. d5 g6 5. c4 Bg7 6. Nc3 O-O 7. Nge2 e6 8. Ng3
exd5 9. cxd5 Ne8 10. Bd3 Nd7 11. O-O Ne5 12. Be2 Qh4 13. Be3 f5 14. f4 Nf7 15.
exf5 Nh6 16. Qe1 Qe7 17. Qd2 Nxf5 18. Nxf5 Bxf5 19. Rae1 Nc7 20. Bf3 Qd7 21. h3
h5 22. Qd1 Rae8 23. Bf2 h4 24. Bxh4 Bxh3 25. Bg5 Bd4+ 26. Kh2 Bf5 27. g4 Qh7+
28. Kg2 Bc8 29. Rh1 Qd7 30. Qd3 Qf7 31. Be4 Rxe4 32. Rxe4 Nxd5 33. Rxd4 Nxc3
34. Rxd6 1-0

[Event "London Invitation"]
[Site "London"]
[Date "1973.09.08"]
[Round "2"]
[White "Perkins, Alan H"]
[Black "Chapman, Terence"]
[Result "1/2-1/2"]
[WhiteElo "2305"]
[BlackElo "2225"]
[PlyCount "68"]
[EventDate "1973.09.07"]
[EventType "swiss"]
[EventRounds "5"]
[EventCountry "ENG"]
[Source "John Saunders"]
[SourceDate "2015.07.14"]

1. c4 e6 2. d4 c5 3. d5 Nf6 4. Nc3 exd5 5. cxd5 d6 6. e4 g6 7. Nf3 Bg7 8. Bg5
h6 9. Bh4 g5 10. Bg3 Nh5 11. Bb5+ Kf8 12. Be2 Nxg3 13. hxg3 Nd7 14. Nd2 Qe7 15.
Qc2 Ne5 16. Nd1 Rb8 17. Ne3 b5 18. g4 c4 19. Rb1 Bd7 20. Ndf1 Ng6 21. g3 Re8
22. f3 Bd4 23. Nf5 Bxf5 24. gxf5 Ne5 25. Rd1 Bb6 26. g4 Qc7 27. Kd2 b4 28. Kc1
c3 29. Kb1 Rc8 30. Ng3 Qc5 31. Nh5 Qe3 32. Rhf1 Rc7 33. b3 a5 34. f4 gxf4
1/2-1/2

[Event "London Invitation"]
[Site "London"]
[Date "1973.09.08"]
[Round "2"]
[White "Saverymuttu, Seth"]
[Black "Johnston, Dafydd R"]
[Result "1-0"]
[WhiteElo "2305"]
[BlackElo "2160"]
[PlyCount "23"]
[EventDate "1973.09.07"]
[EventType "swiss"]
[EventRounds "5"]
[EventCountry "ENG"]
[Source "John Saunders"]
[SourceDate "2015.07.14"]

1. e4 c5 2. Nf3 d6 3. d4 cxd4 4. Nxd4 Nf6 5. Nc3 g6 6. f4 Qb6 7. e5 dxe5 8.
fxe5 Nfd7 9. Ndb5 Na6 10. Nd5 Qd8 11. Bg5 h6 12. Nd6+ 1-0